| 000 | 00476nam a22001457a 4500 | ||
|---|---|---|---|
| 008 | 250131b |||||||| |||| 00| 0 eng d | ||
| 020 | _a978146385024 | ||
| 050 |
_aRS403 _b.F69 |
||
| 100 | _aRoche, Victoria F....{et.al}. | ||
| 245 |
_aFoye's principles of medicinal chemistry / by _cVictoria F. Roche, S. William Zito , Thomas L. Lemke & David A. Williams |
||
| 250 | _a8th ed. | ||
| 260 |
_aNew York _bWolters Kluwer _c2020 |
||
| 300 |
_axix, 1626p. _bill. |
||
| 942 |
_2lcc _cBK |
||
| 999 |
_c20581 _d20580 |
||